000 00335nam a22001337a 4500
020 _a0-340-54876-2
082 _a823
_bBLY/F
100 _aENID BLYTON
245 _aTHE FAMOUS FIVE
_bFIVE GO ADVENTURING AGAIN
260 _aGREAT BRITAIN
_bHODDER CHILDRENS BOOK
_c1942
300 _a156
650 _aADVENTURE
_zUNITED KINGDOM
942 _cBK
999 _c175
_d175